[Event "NED-ch U11"]
[Site "Waalwijk"]
[Date "2012.04.07"]
[Round "9"]
[White "Nies, Levi"]
[Black "Odle, Philip"]
[Result "1-0"]
[WhiteElo "991"]
[BlackElo "734"]
[PlyCount "103"]
[EventDate "2012.04.06"]
[EventType "swiss"]
[EventRounds "9"]
[EventCountry "NED"]
[SourceTitle "EXT 2013"]
[Source "ChessBase"]
[SourceDate "2012.11.22"]
[SourceVersion "1"]
[SourceVersionDate "2012.11.22"]
[SourceQuality "1"]

1. e4 e5 2. Nf3 Nf6 3. Nxe5 Qe7 4. d4 d6 5. Nf3 Qxe4+ 6. Be2 Be7 7. 0-0 Bg4 8. Nc3 Qf5 9. Be3 0-0 10. Qd2 Nc6 11. Nh4 Qh5 12. Bxg4 Nxg4 13. Nf3 d5 14. h3 Nxe3 15. Qxe3 Rae8 16. Nb5 Bg5 17. Qd3 Bf4 18. c4 dxc4 19. Qxc4 Na5 20. Qa4 b6 21. b4 Nc4 22. Qxa7 Re6 23. Qa6 Rg6 24. Kh1 Nd2 25. Nxd2 Qg5 26. Rg1 Bxd2 27. a3 h5 28. Nxc7 Bc3 29. Rad1 Rd8 30. d5 Rd7 31. Nb5 Rxd5 32. Rxd5 Qxd5 33. Nxc3 Qc6 34. Ne2 f5 35. Nf4 Rg5 36. f3 Qd6 37. Qc4+ Kh7 38. h4 Rg3 39. Kh2 g5 40. Qf7+ Kh6 41. Qxh5+ Kg7 42. Kxg3 Qxf4+ 43. Kh3 gxh4 44. Qxh4 Kg6 45. Qxf4 b5 46. Qe5 f4 47. Qxb5 Kf6 48. Rc1 Ke7 49. Rc6 Kd7 50. Qb7+ Ke8 51. a4 Kd8 52. Rc8# 1-0